00800cam a2200265Mi 4500001001300000003000600013005001700019007000300036008004100039020001800080020001500098035002100113040005000134100002400184245006800208246003200276250002200308260006400330300003100394650001600425650001700441650003100458650002800489700001700517ocn934393848OCoLC20180312112600.0ta170818s2014 xxu 000 0 eng d a9781429249959 a1429249951 a(OCoLC)934393848 aCO-BoUCMbspacSandra PalaciodSandra Palacio1 aRicklefs, Robert E.10aEcologybthe economy of naturecRobert E. Ricklefs, Rick Relyea30aEconomy of nature : ecology aSeptima edición aNueva York (Estados Unidos)bW.H. Freeman and companyc2014 axxxvi, 565, [48] páginas 4aEcología. 4aEcosistemas. 4aBiología de población. 4aComunidades bióticas.1 aRelyea, Rick